000 00365nam a2200145Ia 4500
008 200103s9999||||xx |||||||||||||| ||und||
020 _a9781906915391,
040 _aIMU-MPC
082 _aColumn-4
100 _aLe Goubin, André L.
245 0 _aMentoring at sea : the 10 minute challenge
260 _bThe Nautical Institute
_c2012
300 _a78
942 _cBK
999 _c3177
_d3177